Pension fund excellence : creating value for stockholders /

Bibliographic Details
Main Author: Ambachtsheer, Keith P.
Other Authors: Ezra, D. Don
Format: Book
Language:English
Published: New York : Wiley, [1998]
Series:Wiley frontiers in finance.
Subjects:

MARC

Tag First Indicator Second Indicator Subfields
LEADER 00000cam a2200000 a 4500
001 in00001421925
005 20151020073300.0
008 971030s1998 nyua b 001 0 eng
010 |a  97045105  
020 |a 0471246557 (cloth : alk. paper) 
035 |a (OCoLC)37902414 
035 |9 AHQ4319AM 
040 |a DLC  |c DLC  |d C#P  |d TXA  |d UtOrBLW 
049 |a TXAM 
050 0 0 |a HD7105.4  |b .A58 1998 
082 0 0 |a 332.67/254  |2 21 
100 1 |a Ambachtsheer, Keith P. 
245 1 0 |a Pension fund excellence :  |b creating value for stockholders /  |c Keith P. Ambachtsheer, D. Don Ezra. 
264 1 |a New York :  |b Wiley,  |c [1998] 
264 4 |c ©1998 
300 |a xv, 238 pages :  |b illustrations ;  |c 24 cm. 
336 |a text  |b txt  |2 rdacontent 
337 |a unmediated  |b n  |2 rdamedia 
338 |a volume  |b nc  |2 rdacarrier 
490 1 |a Wiley frontiers in finance 
504 |a Includes bibliographical references and index. 
650 0 |a Pension trusts  |x Management. 
650 0 |a Pension trusts  |x Investments. 
650 0 |a Pension trusts  |x Evaluation. 
650 0 |a Pension trusts  |x Law and legislation. 
650 0 |a Trusts and trustees. 
650 0 |a Fiducia. 
700 1 |a Ezra, D. Don. 
830 0 |a Wiley frontiers in finance. 
948 |a C:BLW  |d 20030615 
999 |a MARS 
999 f f |s 50391476-2559-334b-948b-96c646069ecf  |i 10c978b5-26ed-3576-8edc-07821b998fc1  |t 0 
952 f f |p ric  |a Texas A&M University  |b Rellis Campus  |c Joint Library Facility  |d Remote Storage  |t 0  |e HD7105.4 .A58 1998  |h Library of Congress classification  |i unmediated -- volume  |m A14822549360 
998 f f |a HD7105.4 .A58 1998  |t 0  |l Remote Storage